000 00559 a2200169 4500
001 066551
003 OSt
005 20211001122714.0
008
082 _a306.2054
_bP19C
100 1 _aPanikkar, K.N.
245 1 _aColonialism culture and resistance
_cby K.N. Panikkar
260 _aNew Delhi
_bOxford University Press
_c2009
300 _a279p.
690 _aIndia; British Occupation of India (1765-1947); Nationalism--Social aspects; Civilization; Intellectual life; South Asia; Colonial influence
942 _2ddc
_cBK
999 _c596
_d596